Rezervy a dlhodobé záväzky z hľadiska interného auditu a internej kontroly diplomová práca

Uložené v:
Podrobná bibliografia
Hlavný autor: Široká, Lenka
Korporativný autor: Fakulta hospodárskej informatiky EU. Katedra účtovníctva a audítorstva
Ďalší autori: Vépyová, Mária
Médium: Kniha
Jazyk:Slovak
Vydavateľské údaje: Bratislava 2008
Tagy: Pridať tag
Žiadne tagy, Buďte prvý, kto otaguje tento záznam!

MARC

LEADER 00000nam$a2200000$$$4500
001 0085117
005 20240201120238.9
041 0 |a slo 
044 |a SK 
245 1 0 |a Rezervy a dlhodobé záväzky z hľadiska interného auditu a internej kontroly  |b diplomová práca  |c Lenka Široká ; škol. Mária Vépyová 
264 1 |a Bratislava  |c 2008 
300 |a 65 s. 
100 1 |a Široká, Lenka 
700 1 |a Vépyová, Mária 
710 2 |a Fakulta hospodárskej informatiky EU. Katedra účtovníctva a audítorstva